Poistenie

Enregistré dans:
Détails bibliographiques
Auteur principal: Laučíková, Margita
Collectivité auteur: Vysoká škola ekonomická v Bratislave. Národohospodárska fakulta
Autres auteurs: Vostatek, Jaroslav
Format: Livre
Langue:slovaque
Publié: Bratislava Vysoká škola ekonomická 1981
Tags: Ajouter un tag
Pas de tags, Soyez le premier à ajouter un tag!

MARC

LEADER 00000nam a2200000 4500
001 c140821
005 20181219130829.4
041 0 |a slo 
044 |a SK 
245 1 0 |a Poistenie  |c Margita Laučíková, Jaroslav Vostatek 
264 1 |a Bratislava  |b Vysoká škola ekonomická  |c 1981 
300 |a 191 s. 
100 1 |a Laučíková, Margita 
700 1 |a Vostatek, Jaroslav 
710 2 |a Vysoká škola ekonomická v Bratislave. Národohospodárska fakulta